|
|
|
|
| LEADER |
01016nam a2200277 a 4500 |
| 001 |
c000181704 |
| 003 |
CARM |
| 005 |
20050321113754.0 |
| 008 |
710625s1971 nyua b 001 0 eng |
| 019 |
1 |
|
|a 55329
|z 27503595
|5 LACONCORD2021
|
| 020 |
|
|
|a 0070129312
|
| 035 |
|
|
|a (OCoLC)147009
|5 LACONCORD2021
|
| 040 |
|
|
|a LC
|b eng
|c LC
|d SUSA
|
| 050 |
0 |
0 |
|a TH435
|b .C75 1971
|
| 082 |
0 |
4 |
|a 692/.5
|
| 100 |
1 |
|
|a Cooper, George Henderson,
|d 1894-
|
| 245 |
1 |
0 |
|a Building construction estimating /
|c [by] George H. Cooper [and] Stanley Badzinski, Jr.
|
| 250 |
|
|
|a 3d ed.
|
| 260 |
|
|
|a New York ;
|b McGraw Hill,
|c [1971].
|
| 300 |
|
|
|a viii, 321 p. :
|b ill. ;
|c 24 cm.
|
| 504 |
|
|
|a Bibliography: p. 315-316.
|
| 650 |
|
0 |
|a Building
|x Estimates.
|
| 700 |
1 |
|
|a Badzinski, Stanley,
|e joint author.
|
| 852 |
8 |
|
|b CARM
|h A2:AK37C0
|i C06419
|p 0248808
|f BK
|
| 999 |
f |
f |
|i cb6124c7-463e-544f-b68a-d98c088d678d
|s 506fd181-c33a-56df-8e5c-1441bad417af
|
| 952 |
f |
f |
|p Can circulate
|a CAVAL
|b CAVAL
|c CAVAL
|d CARM 1 Store
|e C06419
|f A2:AK37C0
|h Other scheme
|i book
|m 0248808
|